000 00217nam a22000977a 4500
999 _c65229
_d65226
082 _a297
_aoka
100 _aBERNARD O'KANE
245 _atreasures of islam
260 _aunited kingdom
_bduncan baird
_c2007
942 _cBK